00641nam a2200193Ia 450000500170000000800410001704000190005804100120007708200160008924500670010526000420017230000160021450400530023070000180028385000100030194200070031199900160031895201130033420230516124606.0131103s9999 xx 000 0 und d aLoreto College aEnglish a882.08bAES aEleven plays of Greek dramatistcintroduction by Arthur Zeiger aNew YorkbThe Universal Libraryc1946 axvi,360 p.  aAeschylus. Sophocles. Euripides and Aristophanes aZeiger,Arther aLCLIB cBK c5902d56381 00102ddc4070aMAINbMAINd2013-11-04l1o882.08 AES 2420pB5769r2001-01-01s2001-01-01w2013-11-04yBKf